Qué quiere una mujer?

Uloženo v:
Podrobná bibliografie
Hlavní autor: André, Serge (Autor)
Médium: Kniha
Jazyk:španělština
Vydáno: Ciudad de México Siglo XXI 2002
Vydání:1a. ed
Témata:
Tagy: Přidat tag
Žádné tagy, Buďte první, kdo vytvoří štítek k tomuto záznamu!

MARC

LEADER 00000cam a2200000 a 4500
001 UCG2797
003 CL-VaPUC
008 100723e20020000mx |||||||||||||||||spa|d
020 |a 9682323673 
082 0 4 |a 150.1952  |b AND  |2 21 
100 0 |a André, Serge  |e author  |9 551420 
245 1 0 |a Qué quiere una mujer? 
250 |a 1a. ed 
300 |a 289 p 
942 |c BK 
945 |d 20100723 00:00:00  |a mfarfan 
260 |a Ciudad de México  |b Siglo XXI  |c 2002 
650 0 |a Psicoanálisis   |9 265702 
650 0 |a Mujer  |9 255613 
650 0 |a Psicología   |9 257863 
583 |a last modification  |c 20140813 03:40:35  |k Rodrigo Vera 
999 |c 341921  |d 341919 
952 |0 0  |1 0  |4 0  |6 150_195200000000000_AND_2002  |7 0  |8 A  |9 437762  |a BIBEDU  |b BIBEDU  |d 2019-11-22  |i 4698029  |l 1  |m 1  |o 150.1952 AND 2002  |p 4698029  |r 2022-04-05  |s 2022-03-21  |w 2019-11-22  |y BK  |k PSI